[Event "FRA-ch blind 30th"]
[Site "Arras"]
[Date "2014.05.30"]
[Round "2"]
[White "Macchini, Bruno"]
[Black "Jacquelin, Norbert"]
[Result "0-1"]
[WhiteElo "1530"]
[BlackElo "1530"]
[PlyCount "32"]
[EventDate "2014.05.30"]
[EventType "swiss"]
[EventRounds "7"]
[EventCountry "FRA"]
[SourceTitle "EXT 2015"]
[Source "ChessBase"]
[SourceDate "2014.11.20"]
[SourceVersion "1"]
[SourceVersionDate "2014.11.20"]
[SourceQuality "1"]

1. e4 e5 2. Bc4 Nf6 3. d3 Bc5 4. h3 0-0 5. Nf3 d5 6. exd5 e4 7. dxe4 Nxe4 8. Be3 Bxe3 9. fxe3 Qd6 10. 0-0 Re8 11. Nc3 Nxc3 12. bxc3 Rxe3 13. Re1 Rxe1+ 14. Qxe1 Bd7 15. Nd4 Na6 16. Nb5 Qc5+ 0-1